Global monitoring report 2008 MDGs and the environment

Guardado en:
Detalles Bibliográficos
Formato: Libro
Lenguaje:inglés
Publicado: Washington, D.C. <The> World Bank 2008
Materias:
Etiquetas: Agregar Etiqueta
Sin Etiquetas, Sea el primero en etiquetar este registro!

MARC

LEADER 00000nam$a2200000$$$4500
001 0075483
005 20240315115343.9
020 |a 978-0-8213-7384-2 
041 0 |a eng 
044 |a US 
245 1 0 |a Global monitoring report 2008  |b MDGs and the environment 
264 1 |a Washington, D.C.  |b <The> World Bank  |c 2008 
300 |a 250 s. 
610 2 0 |a krajiny rozvojové 
610 2 0 |a rozvoj hospodársky 
610 2 0 |a rast hospodársky 
610 2 0 |a obchod 
610 2 0 |a organizácie finančné 
610 2 0 |a organizácie medzinárodné 
610 2 0 |a krajiny vyspelé 
610 2 0 |a pomoc rozvojová 
610 2 0 |a pomoc finančná 
610 2 0 |a služby poradenské 
610 2 0 |a koordinácia 
610 2 0 |a prostredie životné 
610 2 0 |a ochrana prostredia životného 
610 2 0 |a zmeny klimatické 
610 2 0 |a ukazovatele 
610 2 0 |a Subsahara 
610 2 0 |a Afrika 
610 2 0 |a Ázia